000 00627nam a22002057a 4500
003 OSt
005 20160627183612.0
008 160627b xxu||||| |||| 00| 0 eng d
020 _a0824754654
040 _cDNLM.
082 _aQV771N425 2004.
100 _aEdited by Sahajwalla,G.Chanrahas;
_99678
245 _aNew Drug Development
_bRegulatory Paradigms for Clinical Pharmacology ang Biopharmaceutics.
260 _aNew york
_aBasel;
_bDekkerMaecel,inc.
_c2004.
300 _axix,596p;
_bill;
_c24cm.
504 _aincludes index.
650 _aPharmacology.
_9357
650 _aDrug Development.
_99679
942 _2z
_cO_SHELF
999 _c4510
_d4510